| 000 | 04225cam a2200421 i 4500 | ||
|---|---|---|---|
| 001 | 18798598 | ||
| 003 | ARRUPE | ||
| 005 | 20160803091410.0 | ||
| 008 | 150929s2007 enka b 001 0 eng c | ||
| 010 | _a 2006021363 | ||
| 015 |
_aGBA6A5104 _2bnb |
||
| 016 | 7 |
_a013339730 _2Uk |
|
| 020 |
_a0415331102 _q(hbk.) |
||
| 020 |
_a9780415331104 _q(hbk.) |
||
| 020 |
_a0203392337 _q(ebk.) |
||
| 020 |
_a9780203392331 _q(ebk.) |
||
| 035 | _a(OCoLC)ocm70258870 | ||
| 040 |
_aDLC _beng _cDLC _dBAKER _dBTCTA _dBWKUK _dUKM _dYDXCP _dYDX _dCOO _dSTF _dDEBBG _dOCLCQ _dUKMGB _dOCLCF _dOCLCQ _dDLC |
||
| 042 | _apcc | ||
| 050 | 0 | 0 |
_aLB2322.2 _b.H516 2007 |
| 084 |
_a10 _2ssgn |
||
| 084 |
_a24,2 _2ssgn |
||
| 084 |
_aAL 20100 _2rvk |
||
| 245 | 0 | 0 |
_aHigher education and national development : _buniversities and societies in transition / _cedited by David Bridges [and others]. |
| 260 |
_aLondon _bRoutledge _c2007 |
||
| 300 |
_axiii, 322 pages : _billustrations ; _c24 cm |
||
| 504 | _aIncludes bibliographical references and index. | ||
| 505 | 0 | _aContributors -- Acknowledgements -- Introduction -- David Bridges and Terence McLaughlin -- PART ONE -- UNIVERSITIES, SOCIETIES AND TRANSITIONS: -- SETTING THE SCENE 1 -- 1 Comparing and Transferring: Visions, Politics, and Universities -- Robert Cowen -- 2 Conceptions of the University and the Demands -- of Contemporary Societies -- Richard Smith -- PART TWO -- UNIVERSITIES AND TRANSITIONS IN CONCEPTIONS OF SOCIETY -- 3 The Development of Higher Education for the Knowledge Society -- and the Knowledge Economy -- Palmira Juceviciene and Rimantas Vaitkus -- 4 The Role of the University in the Development of the Learning Society -- Palmira Juceviciene -- 5 The Concept of the 'Intelligent Country' -- Robertas Jucevicius -- PART THREE -- UNIVERSITIES AND ECONOMIC DEVELOPMENT -- 6 Concepts of Development: the Role of Education -- Flavio Comim -- 7 The Role of the University in Regional Economic Development -- David Bridges -- 8 Regional Universities in the Baltic Sea Region: -- Higher Education and Regional Development -- Kazimierz Musial -- PART FOUR -- UNIVERSITIES AND THE DEMANDS OF THE ECONOMY -- 9 The Role of Higher Education in National Innovation Systems -- in Central and Eastern Europe -- Slavo RadoA evic and Monika Kriaucioniene -- 10 Bridging Knowledge and Economy: Technology Transfer -- and Higher Education -- Arunas LukoA evicius -- 11 The Changing Requirements for Business Management and -- Business Education in the 'Countries in Transition' -- -- Combining Cultural and Institutional Perspectives -- Giedrius Jucevicius -- 12 Competence Development for the Knowledge-Driven Economy -- Daiva Lepaite -- 13 Concepts of a Service University -- Arild Tjeldvoll and Aukse BlaA enaite -- PART FIVE -- UNIVERSITIES AND SOCIAL, CIVIC AND ETHICAL DEMANDS -- 14 Higher Education as an Agent of Social Innovation -- Brigita Janiunaite and Dalija Gudaityte -- 15 The Role of the University in Community Development: -- Responding to the Challenges of Globalization -- Irena Leliugiene and Viktorija BarA auskiene -- 16 Higher Education and its Contribution to Public Health: -- Tackling Health Inequalities Through Health Policy Development -- in Lithuania -- Vilius Grabauskas -- 17 Spirituality and Citizenship in Higher Education -- Hanan A. Alexander -- 18 Higher Education, Scientific Research and Social Change 452 -- Sir Brian Heap -- PART SIX -- UNIVERSITIES, SOCIETIES AND TRANSITIONS -- IN PERSPECTIVE -- 19 The Audit and 'Embrace' of Quality in a Higher Education System -- Under Change -- Barbara Zamorski -- 20 Universities and Societies: Traditions, Transitions and Tensions 498 -- Terence McLaughlin -- Index. | |
| 650 | 0 |
_aEducation, Higher. _924524 |
|
| 650 | 0 |
_aEducational change. _924525 |
|
| 650 | 0 |
_aEducation _xAims and objectives. _915012 |
|
| 700 | 1 |
_aBridges, David, _d1941- _924526 |
|
| 856 | 4 | 1 |
_3Table of contents _uhttp://catdir.loc.gov/catdir/toc/ecip0616/2006021363.html |
| 856 | 4 | 1 |
_3Table of contents _uhttp://content.ub.hu-berlin.de/monographs/toc/hochschulwesen/BV022446936.pdf _zkostenfrei |
| 906 |
_a7 _bcbc _cpccadap _d2 _eepcn _f20 _gy-gencatlg |
||
| 942 |
_2lcc _cMONOGRAPH |
||
| 999 |
_c124824 _d124824 |
||